Statistics for Alligators... or Crocodiles?

Click here to take the quiz!

General Stats

  • This quiz has been taken 536 times
  • The average score is 5 of 10

Answer Stats

QuestionAnswer% Correct
Are ectothermic, meaning they rely on external sources of heat to regulate their body temperatureBoth
76%
Are part of the order of large semiaquatic reptiles known as CrocodiliansBoth
74%
Are apex predators, i.e. are at the top of the food chain with no natural predatorsBoth
72%
Have a much darker skin, sometimes being almost blackAmerican Alligators
65%
Has a narrow snout, triangular in shapeAmerican Crocodiles
63%
Can be found in TexasAmerican Alligators
62%
Have a conservation status of "Vulnerable"American Crocodiles
48%
Inhabits freshwater habitatsAmerican Alligators
29%
Struggles to survive in cold temperaturesAmerican Crocodiles
24%
The species is believed to have existed for over 8 millions yearsAmerican Alligators
9%

Score Distribution

Percentile by Number Answered

Percent of People with Each Score

Your Score History

You have not taken this quiz